000 00598nam a22001697a 4500
003 CEME
005 20210628202330.0
008 210121b xxu||||| |||| 00| 0 eng d
040 _cceme
082 _a620.0042 GRE
100 _aGrenda , Ed
_959383
245 _aPrinting the future the 3d printing and rapid prototyping source book everything you need to know about the coming revolution in personal and industrial fabrication
260 _aUSA
_bCASTLE BOOKS
_c2005
300 _a200 P
650 _a3D PRINTING AND RAPID PROTOTYPING SOURCE BOOK .PRINTING THE FUTURE
_959384
942 _cBK
_2ddc
999 _c569384
_d569384